000 00671nam a2200229Ia 4500
003 GCL
008 140319s9999 xx 000 0 ara d
040 _aGCL /
_cGCL
082 0 4 _a792.9
_bا ق
100 1 _aمى التلمسانى (مترجم)
245 1 0 _aقراءة المسرح /
_cمى التلمسانى (مترجم)
700 1 _aان, ادبر سفلد
260 _a[S.N] :
_bوزارة الثقافة
300 _a372 ص
490 _a
650 0 4 _aالمسرح
650 0 4 _aالمسرحيات
650 0 4 _aالمسرح التجريبى
650 0 4 _aالمسرحيات التجريبية
650 0 4 _aتاريخ ونقد
942 _2ddc
_cBK
999 _c35270
_d35270